书目信息 |
| 题名: |
伊斯坦布尔
|
|
| 作者: | 刘易斯 著 ;张楠 , 昝涛 译 | |
| 分册: | ||
| 出版信息: | 杭州 浙江人民出版社 2024.05 |
|
| 页数: | 168页 | |
| 开本: | 21cm | |
| 丛书名: | ||
| 单 册: | ||
| 中图分类: | K937.45 | |
| 科图分类: | ||
| 主题词: | 城市史--伊斯坦布尔 | |
| 电子资源: | ||
| ISBN: | 978-7-213-11452-6 | |
| 000 | 01195nam0 2200277 450 | |
| 001 | 012573190 | |
| 005 | 20251023101646.63 | |
| 010 | @a978-7-213-11452-6@b精装@dCNY62.00 | |
| 100 | @a20240703d2024 em y0chiy0120 ea | |
| 101 | 1 | @achi@ceng |
| 102 | @aCN@b330000 | |
| 105 | @aab z 001yy | |
| 106 | @ar | |
| 200 | 1 | @a伊斯坦布尔@9yi si tan bu er@e奥斯曼帝国的文明重构@dIstanbul and the civilization of the Ottoman Empire@f(英)伯纳德·刘易斯著@g张楠,昝涛译@zeng |
| 210 | @a杭州@c浙江人民出版社@d2024.05 | |
| 215 | @a168页@c图,地图@d21cm | |
| 300 | @a好望角 | |
| 330 | @a本书描述了15世纪至17世纪奥斯曼帝国伟大时代的城市发展及其文明重构。作者依靠奥斯曼编年史家、诗人和欧洲旅行者的第一手资料,以当时的参与者和观察者的视角,配以奥斯曼的散文和诗歌,再现了伊斯坦布尔及其人民的社会生活,以及苏丹、宫廷官员、宗教学者等各大阶层的面貌。 | |
| 510 | 1 | @aIstanbul and the civilization of the Ottoman Empire@zeng |
| 606 | 0 | @a城市史@y伊斯坦布尔 |
| 690 | @aK937.45@v5 | |
| 701 | 0 | @c(英)@a刘易斯@9liu yi si@c(Lewis, Bernard@f1916-2018)@4著 |
| 702 | 0 | @a张楠@9zhang nan@4译 |
| 702 | 0 | @a昝涛@9zan tao@f(1979-)@4译 |
| 801 | 0 | @aCN@c20250911 |
| 905 | @a河南城建学院图书馆@dK937.4@eL706@ZL706@f1 | |
| 伊斯坦布尔:奥斯曼帝国的文明重构=Istanbul and the civilization of the Ottoman Empire/(英)伯纳德·刘易斯著/张楠,昝涛译.-杭州:浙江人民出版社,2024.05 |
| 168页:图,地图;21cm |
| 好望角 |
| ISBN 978-7-213-11452-6(精装):CNY62.00 |
| 本书描述了15世纪至17世纪奥斯曼帝国伟大时代的城市发展及其文明重构。作者依靠奥斯曼编年史家、诗人和欧洲旅行者的第一手资料,以当时的参与者和观察者的视角,配以奥斯曼的散文和诗歌,再现了伊斯坦布尔及其人民的社会生活,以及苏丹、宫廷官员、宗教学者等各大阶层的面貌。 |
| ● |
| 相关链接 |
|
|
|
正题名:伊斯坦布尔
索取号:K937.4/L706
 
预约/预借
| 序号 | 登录号 | 条形码 | 馆藏地/架位号 | 状态 | 备注 |
| 1 | 1636421 | 216364217 | 社科库309/309社科库 26排4列4层/ [索取号:K937.4/L706] | 在馆 |